| 000 | 00587nam a22002177a 4500 | ||
|---|---|---|---|
| 003 | OSt | ||
| 005 | 20140310183000.0 | ||
| 008 | 130208t xxu||||| |||| 00| 0 eng d | ||
| 020 | _a9712339556 | ||
| 050 |
_aBD 21 _b.R175 2004 |
||
| 082 |
_aFIL 128 _b.R14 2004 |
||
| 245 |
_aIntroduction to philosophy _cRamos, Christine Carmela R. |
||
| 260 |
_aManila _bRex Book Store _cc2004 |
||
| 300 |
_axi, 328 p. : _c22 cm. _bill. ; |
||
| 521 | _acollege students | ||
| 526 | _c1210L-1700L | ||
| 541 | _j1 | ||
| 541 | _j2 | ||
| 562 | _e2 | ||
| 942 |
_2lcc _cBK _kPSYCH-FIL |
||
| 999 |
_c18098 _d18098 |
||